[Event "Fitzroy Hjorth op"]
[Site "Fitzroy"]
[Date "2018.11.05"]
[Round "6"]
[White "Ly, Thai"]
[Black "Gusain, Daniel"]
[Result "1-0"]
[WhiteElo "1987"]
[BlackElo "2103"]
[PlyCount "35"]
[EventDate "2018.11.02"]
[EventType "swiss"]
[EventRounds "9"]
[EventCountry "AUS"]
[SourceTitle "EXT 2020"]
[Source "ChessBase"]
[SourceDate "2019.10.17"]
[SourceVersion "1"]
[SourceVersionDate "2019.10.17"]
[SourceQuality "1"]

1. Nf3 Nf6 2. c4 e6 3. e3 d5 4. Nc3 Bd6 5. b3 c6 6. Bb2 0-0 7. Qc2 Nbd7 8. h4 e5 9. 0-0-0 e4 10. Ng5 Qe7 11. d3 Nc5 12. dxe4 dxe4 13. b4 Nd3+ 14. Bxd3 exd3 15. Qxd3 Bxb4 16. Nd5 cxd5 17. Bxf6 Ba3+ 18. Kc2 1-0